| 000 | 00968nam a22002295i 4500 | ||
|---|---|---|---|
| 001 | 176740 | ||
| 003 | ES-MaACL | ||
| 005 | 20230906220154.0 | ||
| 008 | 110207s1962 fr a |||| | fre d | ||
| 080 | _a631.1:65.015.1 | ||
| 245 | 0 | 0 | _aDéveloppement des études du travail dans les services de vulgarisation agricole et horticole. |
| 260 |
_a[Paris] : _bOrganisation de Coopération et Développement Économiques, _cD. L. 1962. |
||
| 300 |
_a234 p. : _bil. bl. y n. ; _c24 cm. |
||
| 490 | 1 |
_aAlimentation et agriculture documentation. Série 1961 ; _v39 |
|
| 504 | _aBibliografía: p. 167-234. | ||
| 546 | _aTexto en francés. | ||
| 650 | 0 | 4 |
_aExplotaciones agrícolas- _xGestión. _9145050 |
| 710 | 0 |
_aOrganización de Cooperación y Desarrollo Económico. _bAgencia Europea de Productividad. _96056 |
|
| 830 | 0 |
_aAlimentation et agriculture documentation. Série 1961 ; _v39 _9190217 |
|
| 852 |
_aES-MaACL _jE-14200 _xOlim P-969-bis |
||
| 999 |
_c176740 _d176740 |
||